MARC

LEADER 00000nam1a2200000 4500
001 56720
005 20231031053715.0
010 |a 587623060X 
035 |a (RuTPU)RU\TPU\book\59575 
090 |a 56720 
100 |a 20031008d2002 m y0rusy50 ca 
101 0 |a rus 
102 |a RU 
200 1 |a Управление качеством  |e учебное пособие для вузов  |f Ю. П. Адлер, Т. М. Полховская, В. Л. Шпер, П. А. Нестеренко  |g Московский государственный институт стали и сплавов 
210 |a Москва  |c МИСиС  |d 2002- 
675 |a 658.562(075.8)  |v 3 
701 1 |a Адлер  |b Ю. П.  |g Юрий Павлович 
701 1 |a Полховская  |b Т. М.  |g Татьяна Михайловна 
701 1 |a Шпер  |b В. Л.  |g Владимир Львович 
701 1 |a Нестеренко  |b П. А.  |g Петр Афанасьевич 
712 0 2 |a Московский государственный институт стали и сплавов  |2 stltpush  |3 (RuTPU)RU\TPU\col\180 
801 1 |a RU  |b 63413507  |c 20031008  |g PSBO 
801 2 |a RU  |b 63413507  |c 20060627  |g PSBO 
942 |c BK